000 01013 a2200229 4500
001 21726
005 20260407155508.0
008 260407a2003 arg spa d
003 AR-UNSa-BCEJYS
040 _aAR-UNSa-BCEJYS
_bspa
_cAR-UNSa-BCEJYS
080 _a330.101.541
_xMacroeconomía
245 1 0 _aApuntes de macreconomía básica
020 _a987-97527-1-6
264 1 _aSalta :
_bEdiciones Librería del Profesional
_c2003
300 _a118 p.
_c29 cm.
505 _a1. Conceptos básicos - 2. Contabilidad nacional - 3. El sector real - 4. El sector monetario - 5. El sector externo - 6. La demanda agregada - 7. La oferta agregada - 8. El equilibrio general de la economía - 9. Problemas de políticas económica I - 10. Problemas de política económica II - 11. Glosario
041 _aspa
942 _cBK
590 _aniveau_biblio:m niveau_hierar:0
100 1 _aAntonelli, Eduardo David
856 4 1 _uhttps://biblioeco.unsa.edu.ar/pmb/images/libros/L128940.jpg
_yImagen de portada
_qimage/jpeg
999 _c860
_d860